000 00725nam a22002177a 4500
003 UA-OsUOA
001 112202
007 ta
008 20150622b un ||||| |||| 00| 0 ukr d
100 _aБронзенко Т.
090 _a82
_bБ88
942 _cSA
040 _aUA-OsUOA
_bukr
_cUA-OsUOA
_dUA-OsUOA
245 _aВивчення біографії Михайла Коцюбинського в аспкті його мистецького феномена
300 _aС.35-39
955 _a0
041 _aukr
080 _a82
773 0 _w112200
_tУкраїнська мова і література в школі
_dК.
_d2015
_g2
650 7 _a82 Література. Літературознавство
_2UDC
999 _c398304
_d398304